000 02555cam a22004454i 4500
003 PE-LiUPU
005 20250731173403.0
008 150706s1992 sp r 000 0 spa d
020 _a9788482675251
035 _a(Sirsi) i9788482675251
040 _aPE-LiUPU
_bspa
_cPE-LiUPU
_erda
049 _aPRUA
082 0 4 _a264.0274
_bS55
_221
100 1 _aSilva, Kittim,
_eautor.
245 1 0 _aManual para ceremonias religiosas /
_cKittim Silva.
264 1 _aBarcelona :
_bClie,
_c1992.
300 _a128 páginas ;
_c20 centímetros
336 _atext
_2rdacontent
337 _aunmediated
_2rdamedia
338 _avolume
_2rdacarrier
505 0 _aCeremonia de compromiso -- Ceremonia de matrimonio -- Ceremonia para renovación de votos matrimoniales -- Ceremonia para dedicación de niños -- Ceremonia para señoritas -- Ceremonia para bautismo en agua -- Ceremonia para la santa cena -- Ceremonia para recepción de nuevos miembros -- Ceremonia para oficiar un funeral -- Ceremonia para dedicación de un hogar -- Ceremonia para dedicación de templos -- Ceremonia para instalar pastores -- Ceremonia para ordenación de ancianos -- Ceremonia para ordenación de diáconos -- Ceremonia para ordenación de ministros -- Ceremonia para ordenación de un obispo -- Ceremonia para ordenación de evangelistas -- Ceremonia para ordenación de misioneros -- Ceremonia para ordenación de ministerios especiales -- Ceremonia para promoción de obreros -- Ceremonia para instalar una junta de directores -- Ceremonia para entrega de diplomas -- Ceremonia para colocar la piedra angular -- Ceremonia para quema de escrituras -- Ceremonia para afiliación de iglesias -- Ceremonia para instalar a un presbítero -- Ceremonia para lavado de pies.
526 _aSEG42
526 _aSEG41
526 _aSEG40
526 _aSEG39
526 _aP94
526 _aP87
526 _aP86
526 _aP85
526 _aP77
526 _aP76
526 _aP35
541 _g001-0000515;
650 0 4 _aCelebraciones litúrgicas
_vManual.
942 _2ddc
_cBOOK
949 _a264.0274 S55
_wDEWEY
_c1
_i63094
_lCCODEBUL1
_mBUL
_p8.00
_r0
_sY
_tBOOK
_u2015-7-6
_xTEOLOGIA
_PP35
_o.STAFF. Colección General
994 _aC0
_bPEPRU
596 _a1
999 _a264.0274 S55
_wDEWEY
_c52109
_i63094
_d52109
_e2015-11-16
_f2021-11-10
_g5
_lCCODEBUL1
_mBUL
_n1
_p8.00
_q1
_r0
_sY
_tBOOK
_u2015-7-6
_xTEOLOGIA
_PP35
_0COMPRA
_o.STAFF. Colección Teología
980 _81
_gALBERTO SANCHEZ Responsable de Automatización